Financial management of health institutions /

Bibliographic Details
Main Author: Silvers, J. B. (John Byron)
Other Authors: Prahalad, C. K.
Format: Book
Language:English
Published: [©1974]
Series:Health systems management.
Subjects:

MARC

Tag First Indicator Second Indicator Subfields
LEADER 00000cam a2200000 4500
001 in00000012246
005 20151007051805.0
008 740612s1974 nyua b 00110 eng
010 |a  74011224  
020 |a 047079173X 
035 |a (OCoLC)00960132 
035 |9 AAA4802AM 
040 |a DLC  |c DLC  |d m.c.  |d TXA  |d UtOrBLW 
049 |a TXAM  |c [A10924083] 
050 0 0 |a RA971.3  |b .S55 
060 0 |a W1 HE588M no. 1  |a WX157 S587f 
082 0 |a 658.1/5932 
100 1 |a Silvers, J. B.  |q (John Byron) 
245 1 0 |a Financial management of health institutions /  |c [by] John Byron Silvers [and] C. K. Prahalad. 
264 2 |a Flushing, N.Y. :  |b Spectrum Publications; distributed by Halsted Press, New York,  |c [1974] 
264 4 |c [©1974] 
300 |a ix, 339 pages :  |b illustrations ;  |c 24 cm. 
336 |a text  |b txt  |2 rdacontent 
337 |a unmediated  |b n  |2 rdamedia 
338 |a volume  |b nc  |2 rdacarrier 
490 1 |a Health systems management 
504 |a Includes bibliographical references and index. 
650 0 |a Health facilities  |x Business management. 
700 1 |a Prahalad, C. K. 
830 0 |a Health systems management. 
999 |a MARS 
999 f f |s 8f7d39d9-50a8-36f2-889a-8a623e0eec37  |i dda72e29-ad24-3b49-af1d-306a9e86e2e7  |t 0 
952 f f |p ric  |a Texas A&M University  |b Rellis Campus  |c Joint Library Facility  |d Remote Storage  |t 0  |e RA971.3 .S55  |h Library of Congress classification  |i unmediated -- volume  |m A14810924083 
998 f f |a RA971.3 .S55  |t 0  |l Remote Storage